00529 2200193 4500001002100000005001500021035002500036090001400061245006200075260004800137300002200185008004100207082000800248084001400256100001300270500002600283650001400309990001200323YOGYA00000000004849520180524095506 a0010-081400000048213 a150 Rac H1 aHandboek Der Psychologie :b1 eerste deel /cDr. F. Roels aUtrecht :bN.V. Deeker & Van De Vegt,c1934 a299 hlm. ;c22 cm180524 g 0 dut  a150 a150 ROE h0 aROELS, F aEerste deel, Volume 1 aPsikologi a53719-A